000 00605nam a2200205Ia 4500
003 OSt
005 20240905114232.0
008 220927b |||||||| |||| 00| 0 eng d
020 _a8179170799
037 _cTextual
040 _aSDCL
_cSDCL
_beng
041 _2hin
_ahin
082 _aYvM6 P6
100 _aGidense, Anthony
_9413645
245 0 _aPoonjivad aur aadhunik samajik siddhant :
_bMarx, Durkhim aur Max Weber ke lekhan ka vishleshan /
260 _aDelhi :
_bGranth Lipi,
_c2006
300 _a328p.
942 _hYvM6 P6
_cTEXL
_2CC
999 _c729441
_d729441